000 00694nam a2200253 a 4500
001 nice12345678
003 IN_TiNIC
005 20260116013111.0
008 050524s1976 cama grp 000 0 eng
020 _a0521804
_c1470
082 0 0 _a956.1
_bSHA
100 _aShaw, Stanford J
245 _aHistory of the Ottoman Empire and Modern Turkey Vol.1
260 _aCambridge
_bCambridge University Press
_c1976
300 _a351p
500 _aincludes index and biblioraphy
505 2 _aIndex
650 _aTurkey-History-Ottoman Empire
650 _aTurkey-History-1288-1918, 1918-1960
700 1 _aShaw, Stanford J
902 _bSRS
942 _cBK
999 _c9647
_d9647